Tratado de fruticultura /

Guardado en:
Autor Principal: Tamaro, D
Formato: Libro
Publicado: Barcelona : G. Gili, 1920
Materias:
Etiquetas: Agregar Etiqueta
Sin Etiquetas, Sea el primero en etiquetar este registro!
LEADER 00516nam a22001935a 4500
001 CEM.cems016172
005 20100316170401.0
008 130507s1920##################000#0#####d
003 CEMS
082 0 4 |a 634 
100 1 |a Tamaro, D 
245 1 0 |a Tratado de fruticultura /  |c D Tamaro, 
260 |a Barcelona :  |b G. Gili,  |c 1920 
300 |a 933 p. 
653 |a Agricultura 
653 |a Fruticultura 
653 |a Poda-frutales 
653 |a Reproducción-frutales 
859 |a CEMS  |b BIB. CEMS - Agricultura  |h 634  |i T15  |p A3256.74  |t Ej.1